000 01310nam a2200361 i 4500
001 000000699
003 DO-SdBNP
005 20230919112351.0
007 ta
008 090422s1975 dr a 000 0 spa d
040 _aDO-SdBNP
_bspa
_cBNPHU
_erda
082 4 _a613.9071
_bI59a 1975
_222
110 2 _aInstituto Nacional de Educación Sexual (República Dominicana)
_92373
245 1 0 _aAparato reproductor :
_bhigiene y trastornos /
_crevisión médica Olga Baéz Berg, Bienvenido Delgado Billini, Humberto Sangiovanni ; dirección y redacción Bienvenido Delgado Billini, Amable Rosario García.
264 _aSanto Domingo :
_bINES,
_c1975.
300 _a66 paginas. :
_bilustraciones ;
_c21 cm.
336 _2rdacontent
_atexto
_btxt
337 _2rdamedia
_asin mediación
_bn
338 _2rdacarrier
_avolumen
_bnc
490 1 _afolleto popular ;
_v2
590 _aInventariado, 2023/DG
650 4 _aEducación sexual
_92374
650 4 _aAparato genital femenino
_92375
650 4 _aAparato genital masculino
_92376
650 4 _aReproducción humana
_92377
700 1 _aBaéz Berg, Olga
_92379
700 1 _aDelgado Billini, Bienvenido
_92380
700 1 _aSangiovanni, Humberto
_92381
700 1 _aRosario García, Amable
_92382
830 _92383
910 _aDG
942 _2ddc
_cLBS1
999 _c54822
_d54822